| 000 | 01156nam a22002777a 4500 | ||
|---|---|---|---|
| 999 |
_c115993 _d115993 |
||
| 003 | dpl | ||
| 005 | 20181114133337.0 | ||
| 008 | 181114b ||||| |||| 00| 0 eng d | ||
| 010 | _aB-076100 | ||
| 020 | _c100.00 | ||
| 035 | _aB-076100, B-076104 | ||
| 037 | _bCen Lib/Ret | ||
| 040 |
_aDPL _bHN _c0 |
||
| 082 |
_aक _bदुःखके |
||
| 245 |
_aदुःख के दिन-रात / _cअनुवाद एवं सांकला केवल गोस्वामी |
||
| 246 |
_aDukh ke din-raat / _banuvad evam sankalan Keval Goswami |
||
| 260 |
_aदिल्ली _bरचनाकार प्रकाशन _c2002 |
||
| 270 |
_a1586,1 ई, नवीन शाहदरा _b दिल्ली _e110032 |
||
| 300 |
_a104पृ. _c19सेमी (सजिल्द) |
||
| 650 |
_aहिंदी साहित्य _964273 |
||
| 650 |
_aहिंदी साहित्य _xकहानियां _964274 |
||
| 650 |
_aHindi literature _964275 |
||
| 650 |
_aHindi literature _xStories _964276 |
||
| 700 |
_aगोस्वामी, केवल _97808 |
||
| 942 |
_2ddc _cHN _hक _mदुःखके |
||